书目信息 |
| 题名: |
绚丽的青春
|
|
| 作者: | 关成华 主编 ;共青团北京市委员会 , 北京青年报社 编 | |
| 分册: | ||
| 出版信息: | 北京 人民出版社 2002 |
|
| 页数: | 341页 | |
| 开本: | 21cm | |
| 丛书名: | ||
| 单 册: | ||
| 中图分类: | D293 | |
| 科图分类: | ||
| 主题词: | 中国共产主义青年团--历史 | |
| 电子资源: | ||
| ISBN: | 7-01-003765-5 | |
| 000 | 01088nam0 2200253 450 | |
| 001 | 002211896 | |
| 005 | 20070116145101.82 | |
| 010 | @a7-01-003765-5@dCNY26.00 | |
| 100 | @a20060829d2002 em y0chiy0120 ea | |
| 101 | 0 | @achi |
| 102 | @aCN@b110000 | |
| 105 | @aa z 000yy | |
| 200 | 1 | @a绚丽的青春@AXuan Li De Qing Chun@e中国青年80年的奋斗与思考@EZhong Guo Qing Nian 80 Nian De Fen Dou Yu Si Kao@f关成华主编@FGuan Cheng Hua Zhu Bian@g共青团北京市委员会,北京青年报社编 |
| 210 | @a北京@c人民出版社@d2002 | |
| 215 | @a341页@c图@d21cm | |
| 330 | @a本书内容包括:党亲手缔造和培养了中国共青团,英勇投身反帝反封建的革命斗争,在现代化建设的新征程中建功立业,沿着“三个代表”指引的方向前进等。 | |
| 517 | 1 | @a中国青年80年的奋斗与思考@AZhong Guo Qing Nian 80 Nian De Fen Dou Yu Si Kao |
| 606 | 0 | @a中国共产主义青年团@x历史 |
| 690 | @aD293@v4 | |
| 701 | 0 | @a关成华@AGuan Cheng Hua@4主编 |
| 712 | 02 | @a共青团北京市委员会@AGong Qing Tuan Bei Jing Shi Wei Yuan Hui@4编 |
| 712 | 02 | @a北京青年报社@ABei Jing Qing Nian Bao She@4编 |
| 801 | 0 | @aCN@b中图数据@c20070116 |
| 905 | @a10447@dD293@e26 | |
| 绚丽的青春:中国青年80年的奋斗与思考/关成华主编/共青团北京市委员会,北京青年报社编.-北京:人民出版社,2002 |
| 341页:图;21cm |
| ISBN 7-01-003765-5:CNY26.00 |
| 本书内容包括:党亲手缔造和培养了中国共青团,英勇投身反帝反封建的革命斗争,在现代化建设的新征程中建功立业,沿着“三个代表”指引的方向前进等。 |
| ● |
| 相关链接 |
|
|
|
|
正题名:绚丽的青春
索取号:D293/26
 
预约/预借
| 序号 | 登录号 | 条形码 | 馆藏地/架位号 | 状态 | 备注 |
| 1 | 0601840 | 206018405 | 第一样本阅览室/ [索取号:D293/26] | 在馆 | |
| 2 | 0601841 | 206018414 | 第一借阅区/ [索取号:D293/26] | 在馆 | |
| 3 | 0601842 | 206018423 | 第一借阅区/ [索取号:D293/26] | 在馆 | |
| 4 | 0601843 | 206018432 | 第一借阅区/ [索取号:D293/26] | 在馆 | |
| 5 | 0601844 | 206018441 | 第一借阅区/ [索取号:D293/26] | 在馆 |